000 00854nam a22002417a 4500
003 0
005 20250808143633.0
008 250808b xxu||||| |||| 00| 0 eng d
020 _a978-1-975222-97-0
050 _aRT 86.54
_b.T77 2025
245 _aTranscultural concepts in nursing care /
_cJoyceen S. Boyle, John W. Collins, Patti Ludwig-Beymer, & Margaret M. Andrews.
250 _a9th ed.
260 _aPhiladelphia :
_bWolters Kluwer ,
_c2025.
300 _axxi, 391 pages :
_billustrations ;
_c23 cm.
504 _aIncludes bibliographical references and index.
650 _aTranscultural nursing.
650 _aNursing
_xCross-cultural studies.
700 _aBoyle, Joyceen S.,
_eauthor.
700 _aCollins, John W.,
_eauthor.
700 _aLudwig-Beymer, Patti,
_eauthor.
700 _aAndrews, Margaret M.,
_eauthor.
942 _2lcc
_cBK
999 _c367488
_d367488